Las matemáticas de la luz /

Contiene: 1) La luz y la visión en la Grecia clásica; 2) La luz y la visión en la ciencia árabe; 3) Las teorías de la luz en la Europa moderna; 4) Corpúsculos u ondas; 5) Preparando la revolución; 6) La revolución; 7) Mecánica cuántica y teoría de la relatividad; 8) La visión 100; 9) Teoría de los c...

Descripción completa

Guardado en:
Detalles Bibliográficos
Autor principal: León, Manuel de (autor)
Otros autores: Timón, Agata (autor) (autor)
Formato: Libro
Idioma:Español
Publicado: Madrid, España : Consejo Superior de Investigaciones Científicas : Los Libros de la Catarata, 2017, c2017
Colección:(¿Qué Sabemos de? ; 88)
Temas:
Etiquetas: Agrega una etiqueta
Sin etiquetas, Sé el primero en etiquetar este registro!

MARC

LEADER 00000nam^a2200000^a^4500
001 000614752
005 20250521000000.0
009 20260310133648.229
020 |a 978-84-00-10249-4 
020 |a 978-84-9097-358-5 
037 |a Acervo ITESO - Biblioteca 
041 |a ESP 
082 |a 535.  |b LEO 
100 |a León, Manuel de  |e (autor) 
245 1 4 |a Las matemáticas de la luz /  |c M. de León, A. Timón. 
264 4 |a Madrid, España :  |b Consejo Superior de Investigaciones Científicas :  |b Los Libros de la Catarata,  |c 2017, c2017 
300 |a 126 p. 
336 |a texto  |b txt  |2 rdacontenido 
337 |a sin mediación  |b n  |2 rdamedio 
338 |a volumen  |b nc  |2 rdasoporte 
440 1 |a (¿Qué Sabemos de? ;  |v 88) 
520 |a Contiene: 1) La luz y la visión en la Grecia clásica; 2) La luz y la visión en la ciencia árabe; 3) Las teorías de la luz en la Europa moderna; 4) Corpúsculos u ondas; 5) Preparando la revolución; 6) La revolución; 7) Mecánica cuántica y teoría de la relatividad; 8) La visión 100; 9) Teoría de los colores. 
521 |a Librerías 2025 LCF 
649 |a XX 
650 |a Propagación de la Luz 
650 |a Luz -  |x Tema Principal 
650 |a Ondas Electromagnéticas 
650 |a Visión de los Colores 
650 |a Matemáticas 
650 |a Optica 
650 |a Física 
700 |a Timón, Agata  |e (autor) 
910 |a Fondo General 
920 |a Impresos - Libros 
930 |a Colección General 
905 |a 101 
901 |a 614754-10  |b IT1  |c ACC  |i C189735  |u 20250521 
902 |a https://opac.biblio.iteso.mx/vufind/Record/000614752